000 00490nam a2200145Ia 4500
008 100122s9999 xx 000 0 und d
082 _b43465
_a181.4
100 _aओशो
245 _aभगवंताची पाऊलवाट
260 _bजीवन जागृती केंद्र प्रकाशन
_c1989
300 _a144
630 _aभगवंताची पाऊलवाट
730 _aभगवंताची पाऊलवाट
942 _cBOOK
999 _c423501
_d423498